000 00803nam a2200253Ia 4500
003 OSt
005 20220928102030.0
006 a|||||r|||| 00| 0
007 ta
008 220927b |||||||| |||| 00| 0 eng d
020 _c345
024 _a106037
037 _b4049, 11/03/2010, Bookwell Publications
_cTextual
040 _aSDCL
_cSDCL
_beng
041 _2eng
_aeng
082 _an2,N, Q0 RR
100 _aSuchana aur Prasaran Mantralya ( Bharat Sarkar)
_9396305
245 0 _aBharat 2010.
260 _aNew Delhi
_bParkashan Vibhagh
_c2010
300 _a1396p+various pagination
_ccm.
650 _aReference
942 _hn2,N, Q0 RR
_cTEXL
_2CC
999 _c712011
_d712011